00603nam a2200229 a 4500001001300000003000900013005001700022008004100039020000800080082001300088100001800101245002500119260004000144300000900184500003500193505001300228650001100241902000800252942000700260952009100267999001500358nice12345678IN_TiNIC20260116011418.0050524s1932 hyda grp 000 0 eng  ac000a170bROG aRogers, R A P aTareekh-E-Akhlaqiyat aHyderabadbOsmania Universityc1932 a248p aincludes index and biblioraphy2 aArchives aEthics bSRS cBK 00104070aHMIbHMId2005-05-24g0.00l0o170 ROGp4091r2005-05-24w2026-01-16yARB c1313d1313